000
00310nam a2200109 4500
999
_c
12261
_d
12261
008
190119b ||||| |||| 00| 0 eng d
245
_a
PEZA wants ROI as basis for removal of tax perks.
260
_a
Philippines
_b
Manila Bulletin
_c
c2018
300
_a
page B-2.
650
0
_9
34671
_a
Taxation.
942
_2
ddc
_c
PER